Integración regional en Centroamérica. Primera parte: La reactivación del Mercado Común Centroamericano /

সংরক্ষণ করুন:
গ্রন্থ-পঞ্জীর বিবরন
প্রধান লেখক: Bulmer Thomas, Víctor
বিন্যাস: অজ্ঞাত
প্রকাশিত: San José: FLACSO. Programa Costa Rica
বিষয়গুলি:
ট্যাগগুলো: ট্যাগ যুক্ত করুন
কোনো ট্যাগ নেই, প্রথমজন হিসাবে ট্যাগ করুন!

MARC

LEADER 00000 a2200000 04500
001 11786
003
008 991231s d
040
090 |a 140803  
100 |a Bulmer Thomas, Víctor  
245 |a Integración regional en Centroamérica. Primera parte: La reactivación del Mercado Común Centroamericano /  |c Víctor Bulmer Thomas 
260 |a San José:   |b FLACSO. Programa Costa Rica  
300 |a 350 p.; n. 2  
650 |a COMERCIO INTRARREGIONAL  
650 |a DESARROLLO DEL COMERCIO  
650 |a POLITICA DEL COMERCIO EXTERIOR  
650 |a PROMOCION DEL COMERCIO  
650 |a COMERCIO INTRAINDUSTRIAL  
650 |a MERCADOS COMUNES  
650 |a MCCA  
999 |c 15428  |d 15428